The history and archaeology of Cathedral Square, Peterborough /
This volume reports on archaeological work undertaken ahead of an improvement scheme centred on Cathedral Square, the historic centre of Peterborough, by Northamptonshire Archaeology, now MOLA Northampton, commissioned by Opportunity Peterborough (Peterborough City Council).
Main Author:
Format: eBook
Language: English
Published:
Summertown, Oxford :
Archaeopress Publishing Ltd,
2017.
Subjects:
Online Access: Login to view Source
Tags: Add Tag
Call Number: DA677.1
| LEADER | 01675nam a2200361 i 4500 | ||
|---|---|---|---|
| 001 | EDZ0001939553 | ||
| 003 | StDuBDS | ||
| 005 | 20230412182020.0 | ||
| 006 | m|||||o||d|||||||| | ||
| 007 | cr ||||||||||| | ||
| 008 | 170818s2017 enka fo 000|0|eng|d | ||
| 020 | |a 9781784916626 (ebook) : |c No price | ||
| 040 | |a StDuBDS |b eng |c StDuBDS |e rda |e pn | ||
| 050 | 4 | |a DA677.1 | |
| 082 | 0 | 4 | |a 930.10942651 |2 23 |
| 100 | 1 | |a Morris, Stephen, |e author. | |
| 245 | 1 | 4 | |a The history and archaeology of Cathedral Square, Peterborough / |c Stephen Morris. |
| 264 | 1 | |a Summertown, Oxford : |b Archaeopress Publishing Ltd, |c 2017. | |
| 300 | |a 1 online resource (xii, 84 pages) : |b illustrations (black and white, and colour) | ||
| 336 | |a text |2 rdacontent | ||
| 336 | |a still image |2 rdacontent | ||
| 337 | |a computer |2 rdamedia | ||
| 338 | |a online resource |2 rdacarrier | ||
| 500 | |a Previously issued in print: 2017. | ||
| 520 | 8 | |a This volume reports on archaeological work undertaken ahead of an improvement scheme centred on Cathedral Square, the historic centre of Peterborough, by Northamptonshire Archaeology, now MOLA Northampton, commissioned by Opportunity Peterborough (Peterborough City Council). | |
| 521 | |a Specialized. | ||
| 588 | |a Description based on online resource; title from home page (viewed on September 24, 2018). | ||
| 650 | 0 | |a Archaeology |z England |z Peterborough. | |
| 776 | 0 | 8 | |i Print version : |z 9781784916619 |
| 856 | 4 | 0 | |3 Archaeopress |u http://library.arce.org:8087/Archaeopress/Products/9781784916619 |
| 942 | |2 lcc |c EBOOK | ||
| 952 | |0 0 |1 0 |4 0 |6 DA06771 |7 1 |9 46302 |a ARCH |b ARCH |d 2023-04-12 |l 0 |o DA677.1 |r 2023-04-12 00:00:00 |w 2023-04-12 |y EBOOK | ||
| 999 | |c 51960 |d 51960 | ||
